Thirayattam: (Record no. 181865)

000 -LEADER
fixed length control field 00390nam a2200157 4500
020 ## - INTERNATIONAL STANDARD BOOK NUMBER
ISBN 9788197841569
082 ## - DEWEY DECIMAL CLASSIFICATION NUMBER
Classification number M 398.357
Item number RAJ/T
100 ## - MAIN ENTRY--AUTHOR NAME
Personal name Rajendran A P
245 ## - TITLE STATEMENT
Title Thirayattam:
Sub Title porulum vazhiyum/
Statement of responsibility, etc by Rajendran A P
260 ## - PUBLICATION, DISTRIBUTION, ETC. (IMPRINT)
Place of publication Kozhikode:
Name of publisher Atma Books,
Year of publication 2024.
300 ## - PHYSICAL DESCRIPTION
Number of Pages 104p.
650 ## - SUBJECT ADDED ENTRY--TOPICAL TERM
Topical Term Thirayattam
650 ## - SUBJECT ADDED ENTRY--TOPICAL TERM
Topical Term Folklore
650 ## - SUBJECT ADDED ENTRY--TOPICAL TERM
Topical Term Social Sciences
942 ## - ADDED ENTRY ELEMENTS (KOHA)
Koha item type Book
Holdings
Withdrawn status Lost status Damaged status Not for loan Permanent Location Current Location Shelving location Date acquired Cost, normal purchase price Full call number Accession Number Price effective from Koha item type
        Sree Sankaracharya University of Sanskrit Sree Sankaracharya University of Sanskrit Stacks 29.05.2026 200.00 M 398.357 RAJ/T 108977 29.05.2026 Book